El narrador

Sparad:
Bibliografiska uppgifter
Huvudupphovsman: Benjamin, Walter 1892-1940 (Författare, medförfattare)
Materialtyp: Bok
Språk:spanska
Publicerad: Santiago Ediciones Metales Pesados 2008
Upplaga:1a. ed
Ämnen:
Taggar: Lägg till en tagg
Inga taggar, Lägg till första taggen!

MARC

LEADER 00000cam a2200000 a 4500
001 UCE2566
003 CL-VaPUC
008 140710e20080800cl |||||||||||||||||spa|d
020 |a 9789568415204 
082 0 4 |a 844  |b BEN  |2 21 
100 |a Benjamin, Walter  |d 1892-1940  |e author  |9 269121 
245 1 3 |a El narrador 
250 |a 1a. ed 
300 |a 162 p 
942 |c BK 
945 |d 20140710 11:54:00  |a dcastane 
260 |a Santiago  |b Ediciones Metales Pesados  |c 2008 
500 |a Introducción, traducción, notas e índices de Pablo Oyarzún R 
650 0 |a Ensayos franceses  |9 265511 
650 0 |a Crítica e interpretación   |9 255042 
650 0 |a Retórica   |9 266620 
650 0 |a Narrativa  |9 336727 
583 |a last modification  |c 20140710 11:54:00  |k Rodrigo Vera 
999 |c 356156  |d 356154 
952 |0 0  |1 0  |3 erb  |4 0  |6 844_000000000000000_BEN_2008  |7 0  |8 A  |9 463320  |a BIBEDU  |b BIBEDU  |i 5078016  |l 2  |o 844 BEN 2008  |p 5078016  |r 2024-09-26  |s 2024-09-16  |w 2019-11-23  |y BK  |z Catalogado en:20140710  |k LIT